Computer architecture : (Record no. 3681)
[ view plain ]
| 000 -LEADER | |
|---|---|
| fixed length control field | 00835nam a22002412 4500 |
| 001 - CONTROL NUMBER | |
| control field | 0000013160 |
| 005 - DATE AND TIME OF LATEST TRANSACTION | |
| control field | 20151217145900.0 |
| 008 - FIXED-LENGTH DATA ELEMENTS--GENERAL INFORMATION | |
| fixed length control field | 090614s xx 000 0 eng d |
| 020 ## - INTERNATIONAL STANDARD BOOK NUMBER | |
| International Standard Book Number | 0123704901 : |
| 040 ## - CATALOGING SOURCE | |
| Original cataloging agency | KABU |
| Transcribing agency | KABU |
| 100 1# - MAIN ENTRY--PERSONAL NAME | |
| Personal name | Hennessy, John L. |
| -- | 0000148193 |
| 245 10 - TITLE STATEMENT | |
| Title | Computer architecture : |
| Remainder of title | a quantitative approach / |
| Statement of responsibility, etc. | John L. Hennessy, David A. Patterson. |
| 250 ## - EDITION STATEMENT | |
| Edition statement | 4th ed. |
| 260 ## - PUBLICATION, DISTRIBUTION, ETC. (IMPRINT) | |
| Place of publication, distribution, etc. | Boston : |
| Name of publisher, distributor, etc. | Elsevier, |
| Date of publication, distribution, etc. | 2007. |
| 300 ## - PHYSICAL DESCRIPTION | |
| Extent | xxvii, 423, [249] p. |
| 650 #0 - SUBJECT ADDED ENTRY--TOPICAL TERM | |
| Topical term or geographic name as entry element | Computer architecture. |
| -- | 0000154894 |
| 700 1# - ADDED ENTRY--PERSONAL NAME | |
| Personal name | Patterson, David A. |
| -- | 0000148191 |
| 852 1# - LOCATION | |
| -- | p5460 KES |
| 852 1# - LOCATION | |
| -- | p3250 KES |
| 852 1# - LOCATION | |
| -- | p1950 KES |
| 908 ## - PUT COMMAND PARAMETER (RLIN) | |
| Put command parameter | 090614 |
| 950 ## - LOCAL HOLDINGS (RLIN) | |
| -- | 1 |
| Withdrawn status | Lost status | Source of classification or shelving scheme | Not for loan | Home library | Current library | Date acquired | Total Checkouts | Full call number | Barcode | Date last seen | Price effective from | Koha item type | Date last checked out | Shelving location | Cost, normal purchase price | Copy number |
|---|---|---|---|---|---|---|---|---|---|---|---|---|---|---|---|---|
| Library of Congress Classification | Kabarak, Main Campus | Kabarak, Main Campus | 17/12/2015 | QA76.9 .A73H46 2007 c. 1 | 17851 | 17/12/2015 | 17/12/2015 | General Collection | ||||||||
| Library of Congress Classification | Kabarak, Main Campus | Kabarak, Main Campus | 17/12/2015 | QA76.9 .A73H46 2007 c. 2 | 18107 | 17/12/2015 | 17/12/2015 | General Collection | ||||||||
| Library of Congress Classification | Kabarak, Main Campus | Kabarak, Main Campus | 17/12/2015 | 1 | QA76.9 .A73H46 2007 c. 3 | 014889 | 22/07/2016 | 17/12/2015 | General Collection | 15/06/2016 | ||||||
| Library of Congress Classification | Kabarak, Main Campus | Kabarak, Main Campus | 08/02/2018 | QA76.9 .A73H46 c. 4 | 024143 | 08/02/2018 | 08/02/2018 | General Collection | General Stacks | 2390.00 | c. 4 | |||||
| Library of Congress Classification | Kabarak, Main Campus | Kabarak, Main Campus | 08/02/2018 | QA76.9 .A73H46 c. 5 | 024144 | 08/02/2018 | 08/02/2018 | General Collection | General Stacks | 2390.00 | c. 5 | |||||
| Library of Congress Classification | Kabarak, Main Campus | Kabarak, Main Campus | 08/02/2018 | 1 | QA76.9 .A73H46 c. 6 | 024145 | 18/10/2021 | 08/02/2018 | General Collection | 06/10/2021 | General Stacks | 2390.00 | c. 6 |